Geotechnické problémy hydraulických skládok zrnitých odpadov : Dizertačná práca doktorandského štúdia

Salvato in:
Dettagli Bibliografici
Autore principale: Slávik, Ivan, 1965- (Autore)
Natura: Manoscritto Libro
Lingua:slovacco
Pubblicazione: Bratislava : STU v Bratislave SvF, 1997
Tags: Aggiungi Tag
Nessun Tag, puoi essere il primo ad aggiungerne!!

MARC

LEADER 00000ntm a22000003a 4500
001 stu57643
005 20150617225653.0
008 010418s1997----xo------------------slo-d
040 |a STU  |b slo 
041 0 |a slo 
044 |a xo 
080 |a 628.39 
100 1 |a Slávik, Ivan,  |d 1965-  |4 aut  |u V150  |U SvF Stavebná fakulta  |T SvF Katedra geotechniky  |X 696  |U V150  |Y 15  |7 A000000696 
245 1 |a Geotechnické problémy hydraulických skládok zrnitých odpadov :  |b Dizertačná práca doktorandského štúdia 
260 |a Bratislava :  |b STU v Bratislave SvF,  |c 1997 
300 |a 173 s.;obr.,tab.,schémy,grafy  |c Prílohová časť:8 príl. 
996 |b 284V037551  |c V*2138/DŠ-27  |l VVS  |s A  |a 24  |w stu57643_0001